MEDITATION: (Record no. 204771)

MARC details
000 -LEADER
fixed length control field 00543nam a22001817a 4500
005 - DATE AND TIME OF LATEST TRANSACTION
control field 20240802154453.0
010 ## - LCCN (DPL NO)
LC control number ENG-141119
020 ## - INTERNATIONAL STANDARD BOOK NUMBER
Terms of availability 350.00
International Standard Book Number 9789357943505
035 ## - SYSTEM CONTROL NUMBER
System control number EN-124651
037 ## - SOURCE OF ACQUISITION
Source of stock number/acquisition DBAD
082 ## - DEWEY DECIMAL CLASSIFICATION NUMBER
Classification number 920
100 ## - MAIN ENTRY--PERSONAL NAME
Personal name AURELIUS,MARCUS
245 ## - TITLE STATEMENT
Title MEDITATION:
Statement of responsibility, etc MARCUS AURELIUS
Remainder of title A Timeless Text On Stoic Philosophy/
260 ## - PUBLICATION, DISTRIBUTION, ETC. (IMPRINT)
Place of publication, distribution, etc New Delhi
Name of publisher, distributor, etc V&S PUBLISHERS
Date of publication, distribution, etc 2024
270 ## - ADDRESS
City New Delhi
Address F-2/16,Ansari Road, Daryaganj
Postal code 110002
300 ## - PHYSICAL DESCRIPTION
Extent 182p.
Dimensions 21cm(pbk)
942 ## - ADDED ENTRY ELEMENTS (KOHA)
Source of classification or shelving scheme Dewey Decimal Classification
Item type English Books
Classification part 920
Call number suffix AUR
Holdings
Withdrawn status Lost status Not for loan Collection code Home library Current library Date acquired Source of acquisition Cost, normal purchase price Full call number Barcode Copy number Cost, replacement price Koha item type
    Not For Loan Non-fiction Kadipur Kadipur 02/08/2024 DBAD 350.00 920 AUR EN-124651 1 350.00 English Books

© Delhi Public Library
Hit Counter
free hit counter